000 00719nam a2200217 i 4500
001 54686
003 ES-MaACL
005 20240229200510.0
007 t|
008 040112s2002 sp ||||0| spa d
020 _a84-7740-100-4
040 _aM-BN
_bspa
_cM-BN
080 _a72(460.27 M.)
245 0 0 _aGuía básica de arquitectura de Madrid /
_c[redactores, María Cristina García Pérez ... et al.].
260 _aMadrid :
_bColegio Oficial de Arquitectos de Madrid,
_c2002.
300 _a175 p :
_bprincipalmente il., planos ;
_c24 cm.
650 4 _aArquitectura-
_zMadrid
_99996
700 1 _aGarcía Pérez, María Cristina.
_955113
852 _aES-MaACL
_jL-26760
_bR.132326
999 _c54686
_d54686